Gradazioni di colore - Grigio - Statistics

Statistiche generali
  • Questo quiz è stato fatto 6 volte
  • Il punteggio medio è 2 su 10
Statistiche sulle risposte
Colore Gradazione % Corretto
Grigio Argento
100%
Grigio Fegato
33%
Grigio Platino
33%
Grigio Gainsboro
17%
Grigio Grigio ardesia chiaro
0%
Grigio Grigio ardesia scuro
0%
Grigio Grigio asprago
0%
Grigio Grigio di Payne
0%
Grigio Grigio talpa
0%
Grigio Grirgio ardesia
0%
Nessun quiz corrispondente trovato
Distribuzione punteggi
Percentuale di utenti per punteggio
Percentile per numero di risposta
I tuoi punteggi nel tempo
Non hai fatto questo quiz